000 00642nam a2200253 a 4500
001 nice12345678
003 IN_TiNIC
005 20260116013054.0
008 050524s1995 lona grp 000 0 eng
020 _a0415044
_c857.34
082 0 0 _a292
_bJON
100 _aJones, Prudence
245 _aHistory of Pagan Europe
260 _aLondon
_bRoutledge Chapman Hall
_c1995
300 _a262p
500 _aincludes index and biblioraphy
505 2 _abibliography, index, notes
650 _aEurope-Religion
650 _aPaganism-History
650 _aRoman Religion
902 _bSRS
942 _cBK
999 _c9535
_d9535